Natural healing with herbs / (Record no. 127079)

MARC details
000 -LEADER
fixed length control field 00767nam a22002417a 4500
005 - DATE AND TIME OF LATEST TRANSACTION
control field 20181218155249.0
010 ## - LCCN (DPL NO)
LC control number B-062999
020 ## - INTERNATIONAL STANDARD BOOK NUMBER
Terms of availability 00.00
International Standard Book Number 8124202508
035 ## - SYSTEM CONTROL NUMBER
System control number B-062999
037 ## - SOURCE OF ACQUISITION
Source of stock number/acquisition Cen Lib/Ret
082 ## - DEWEY DECIMAL CLASSIFICATION NUMBER
Classification number 615.321
Item number SAN
100 ## - MAIN ENTRY--PERSONAL NAME
Personal name Santillo, Humbart
245 ## - TITLE STATEMENT
Title Natural healing with herbs /
Statement of responsibility, etc by Humbart Santillo;edited by Subhuti Dharmananda
260 ## - PUBLICATION, DISTRIBUTION, ETC. (IMPRINT)
Place of publication, distribution, etc New Delhi
Name of publisher, distributor, etc Crest publishing house
Date of publication, distribution, etc 2001
270 ## - ADDRESS
Address G-2,16-Ansari Road Darya Ganj
City New Delhi
Postal code 110002
300 ## - PHYSICAL DESCRIPTION
Extent xix,370p.
Dimensions 22cm(Hb)
500 ## - GENERAL NOTE
General note Includes bibliographical reference and index
650 ## - SUBJECT ADDED ENTRY--TOPICAL TERM
Topical term or geographic name as entry element Naturopathy
650 ## - SUBJECT ADDED ENTRY--TOPICAL TERM
Topical term or geographic name as entry element Herbs--Therapeutic use
700 ## - ADDED ENTRY--PERSONAL NAME
Personal name Dharmananda, Subhuti
9 (RLIN) 19312
942 ## - ADDED ENTRY ELEMENTS (KOHA)
Source of classification or shelving scheme Dewey Decimal Classification
Item type English Books
Classification part 615.321
Call number suffix SAN
Holdings
Withdrawn status Lost status Not for loan Home library Current library Date acquired Source of acquisition Cost, normal purchase price Full call number Barcode Copy number Cost, replacement price Koha item type
      Central Library Central Library 27/06/2015 Cen Lib/Ret 0.00 615.321 SAN B-062999 1 0.00 English Books

© Delhi Public Library
Hit Counter
free hit counter